000 00331nam a2200121Ia 4500
008 190216s9999||||xx |||||||||||||| ||und||
100 _aCareer Stuy Centre
245 0 _aCareers In Hoteliering
260 _bCentral Institute For Research &training
_c1981
300 _a28p
650 _aCareers In Hoteliering
942 _cREF
999 _c35856
_d35856